| 000 | 00523nam a2200133 a 4500 | ||
|---|---|---|---|
| 008 | 120416s1971 ||||||||||||||||| || u | ||
| 050 | _aBF 575.A3 Con | ||
| 100 | _aSinger, Jerome L | ||
| 245 | 1 | 4 | _aThe control of aggression and violence |
| 246 | _acognitive and physiological factors | ||
| 260 |
_aLondon _bAcademic Press _c1971 |
||
| 350 | _a0.00 | ||
| 995 |
_D0.00 _FCBU-MAIN LIBRARY (Kitwe) _H1 _I10.00 _M1 _UAVAILABLE _WMay 15, 2006 _ZMain Library Open Access Collection |
||
| 999 |
_c38716 _d38716 |
||